Developing a unit/credit scheme of adult language learning
Αποθηκεύτηκε σε:
| Κύριος συγγραφέας: | |
|---|---|
| Συλλογικό Έργο: | , |
| Μορφή: | Βιβλίο |
| Γλώσσα: | English |
| Δημοσίευση: |
Oxford ; New York :
Published for and on behalf of the Council of Europe by Pergamon Press,
1980
|
| Έκδοση: | [2d] ed. |
| Θέματα: | |
| Ετικέτες: |
Προσθήκη ετικέτας
Δεν υπάρχουν, Καταχωρήστε ετικέτα πρώτοι!
|
MARC
| LEADER | 00000cam a2200000 i 4500 | ||
|---|---|---|---|
| 001 | 1/83654 | ||
| 008 | 980930s1980 eng d | ||
| 020 | |a 0-08-024596-X | ||
| 035 | |l 10034251 | ||
| 035 | |a 1988 |b 3 |c Αφένδρας | ||
| 040 | |a GR-MY-UA |b gre |e aacr | ||
| 041 | 0 | |a eng | |
| 082 | 0 | |a 418.00715 |2 (19) | |
| 100 | 1 | |a Trim, J. L. M. |q (John Leslie Melville) | |
| 245 | 1 | 0 | |a Developing a unit/credit scheme of adult language learning / |c prepared for the Council of Europe by J. L. M. Trim |
| 250 | |a [2d] ed. | ||
| 260 | |a Oxford ; New York : |b Published for and on behalf of the Council of Europe by Pergamon Press, |c 1980 | ||
| 300 | |a v, 80 p.; |b ill.; |c 25 cm | ||
| 500 | |a "Pergamon Institute of English (Oxford)." | ||
| 500 | |a "Council of Europe Modern Languages Project." | ||
| 504 | |a Βιβλιογραφία: σ. 73-74 | ||
| 650 | 0 | 0 | |a Languages, Modern |x Study and teaching |z Europe. |
| 650 | 0 | 0 | |a Unit method of teaching. |
| 710 | 2 | |a Council of Europe. | |
| 710 | 2 | |a Pergamon Institute of English (Oxford) | |
| 852 | |a INST |b RHODES |e 19980930 |h 418.00715 TRI |p 005400003222 |q 005400003222 |t BK |y 0 | ||
| 909 | |a Ρ |b 011904 |c 1988 | ||